00867nam a2200217 a 450000100100000000500170001000800410002704000250006808200170009310000370011024500570014726000340020430000210023859000760025965000270033565000300036291000370039204900090042995201940043899900170063200003488720200930073950.0111021s1950 es 000 0 spa d aDO-SdBNPbspacBNPHU a842.9bC211L1 aCamus, Albert,d1913-1960.9423110aLes justes :bpièce en cinq actes /cAlbert Camus. a[Paris.] :bGallimard,c1950. a212 p. ;c19 cm. aPerteneció a la biblioteca personal de Juan Isidro Jimenes Grullón. 4aTeatro francés95359 4aLiteratura francesa91074 aValidado. Control de calidad MFF aBNPD 001052708RVaGRbGRcHDd2011-10-21iLF1l0o842.9 C211Lp34887-10r2020-06-25w2020-06-25y2zPerteneció a la biblioteca personal de Juan Isidro Jimenes Grullón.ZPréstamo interno c34378d34378